| 000 | 00892nam a22001937a 4500 | ||
|---|---|---|---|
| 999 |
_c59131 _d59131 |
||
| 003 | Ge_BSU | ||
| 005 | 20221129121927.0 | ||
| 008 | 221129s1979ge xxu||||| |||| 00| 0 geo d | ||
| 041 | _ageo | ||
| 080 | _a821.163.4-31 ს-39 | ||
| 100 |
_aსელიმოვიჩი, მეშა, ავტ. _916198 |
||
| 245 |
_aდავრიში და სიკვდილი : _b[იუგოსლაველი მწერლის] რომანი / _cმეშა სელიმოვიჩი ; [თარგმნა ა. ბრეგაძემ]. |
||
| 264 |
_aთბილისი : _bსაბჭ. საქართველო, _c1979. |
||
| 300 |
_a474 გვ. ; _b20 სმ. |
||
| 653 | _aდავრიში და სიკვდილი | ||
| 653 | _aრომანი | ||
| 700 |
_aბრეგაძე, ა _eმთარგმნელი _9622 |
||
| 942 |
_2udc _cBK |
||